Gaming Quiz

Random Gaming Quiz
Score 0/40 Timer 20:00
0 Plays Today
Lore Hero % Correct
She is the commander of they Bronze LegionLegion Commander
90.1%
He vows to end all sorceryAnti Mage
87.4%
They are the Suicide SquadTechies
86.4%
He was once called 'Arsenal MagusInvoker
84.3%
He tried to make a mountain into gold but failedAlchemist
82.7%
The son of the great AghanimRubick
82.7%
He's the last of his kindJuggernaut
80.6%
The wisp(probably the easiest one)Io
80.1%
She's one of the Veiled SistersPhantom Assassin
77.5%
Being seeked by the Fundamental of ChaosKeeper of the Light
76.4%
God on the Greek mythologyZeus
75.4%
A priestess that is serving SelemeneMirana
74.9%
A juvenile form of a Faerie DragonPuck
70.7%
A fundamental that is seeking for the Fundamental of LightChaos Knight
67%
He states that the hill trolls are the weakest of allTroll Warlord
66%
A fundamental that took part in The Shattering.Enigma
65.4%
A Cymurri Humanoid that can foretell futureOracle
65.4%
The only escapee in the Dark RiftSlark
64.9%
Former part of the Slithereen Guard, she now seeks a stolen chalice, forever banished until it has been recoveredNaga Siren
63.4%
She was once the Scourge of the PlainLuna
62.8%
Lore Hero % Correct
Is the last of the so-called Old Guard, a devoted protector of the Sunken TreasurySlardar
62.3%
Having traded her gorgeous beauty in exchange for power and mightMedusa
61.3%
He made an unforgivable mistake, trying to mend what could not be mended, and what we got as a result was a world dominated and ruled over by the AncientsElder Titan
59.2%
It was once part of the mysterious loomWeaver
58.6%
The only fighter to have bested the Bristled Bruiser in a fair fightTusk
53.9%
He serves his only god: MaelrawnTidehunter
50.3%
He joins the battle due to the repercussions in Claszureme.Faceless Void
48.2%
A herbalist that crossed Bay of Fradj by coracle, searching for potent essences that might be extracted from bark and root, and found instead a nightmare transformationVenomancer
45%
He's a Claddsman Kunkka
44.5%
Was left a sole guardian on the outpost on the outskirts of this galaxyOutworld Devourer
44%
He doesn't knew where he came fromTiny
42.9%
Appears to be either an Ascendant or a TranscendencySpectre
42.9%
His memory dissolves with every transformation.Morphling
42.9%
Cousin of the answer aboveDazzle
39.3%
All he wanted was martyrship and a place among godsHuskar
38.7%
He's from before the unvierse was createdAncient Apparition
36.6%
Half-celestial from birth Brewmaster
34.6%
One that is cyclic in nature and found itself drawn to the place where the two Ancients were to battlePhoenix
26.2%
Between the planes for reasons connected with his own realm, which is the elemental oneBarathrum
6.8%
He knows something between Juggernaut and Templar AssassinMonkey Kng
2.6%
Remove Ads.
Support Sporcle.
Get the best of Sporcle when you Go Orange. This ad-free experience offers more features, more stats, and more fun while also helping to support Sporcle. Thank you for becoming a member.

You're not logged in!

Compare scores with friends on all Sporcle quizzes.
OR
Log In

Sporcle TV

Today on Sporcle TV


Watch our educational content, quiz creation guides, and fun videos on Sporcle TV.

Show Comments

Extras

Created Sep 24, 2017ReportNominate
Tags:Amazing Quiz, DOTA 2, Heroes, lore

Top Quizzes Today


Score Distribution

Paid Content

Your Account Isn't Verified!

In order to create a playlist on Sporcle, you need to verify the email address you used during registration. Go to your Sporcle Settings to finish the process.

Report this User

Report this user for behavior that violates our Community Guidelines.

Details: